1874 1881 1166 1892 1106 1346 1545 1706 1249 1742 1282 1020 1540 1613 1015 1351 1914 1501 1909 1967 1075 1030 1640 1617 1047 1965 1286 1292 1610 1414 1334 1515 1997 1327 1409 1921 1606 1104 1688 1134 1080 1065 1083 1192 1262 1319 1370 1845 1850 1272 1466 1743 1144 1319 1569 1567 1553 1015 1991 1329 1815 1850 1482 1552 1867 1590 1017 1406 1180 1994 1179 1398 1193 1367 1623 1436 1345 1621 1980 1159 1998 1180 1083 1176 1312 1012 1730 1223 1825 1106 1287 1884 1827 1461 1679 1653 1371 1691 1420 BCNSPRNW ULIB Ver.6.0+V

เปลี่ยนเป็นภาษาไทย

Change to English
 แสดงรายละเอียดบรรณานุกรม
  กลับหน้าหลัก

Brief Record : Get Marc (ISO 2709) : E-mail record : QR code < ปิดหน้าต่าง
LEADER : 00000nam 2200000uu 4500
001    13399113122
003     ULIB
008    110927s||||||||th 000 0 tha d
020    9789747884401
050 04 QA39^bร482ล 2550
100 0  ริวตะ คาวาชิม่า
245 10 เลขคณิตพิชิตสมองเสื่อม /^cริวตะ คาวาชิม่า ; อิศเรศ ทองปัสโณว์ แปล
250    พิมพ์ครั้งที่ 3
260    กรุงเทพฯ :^bเนชั่นบุ๊คส์,^c2550
300    173 หน้า :^bภาพประกอบ
650  7 เลขคณิต
650  7 คณิตศาสตร์
700 00 อิศเรศ ทองปัสโณว์,^eผู้แปล
945    ^p185^l0^i023160
995    ทศพร
999 ^a ทศพร
รายการนี้ยังไม่มีแท็ก
คุณยังไม่ได้ล็อกอิน คุณสามารถมีกิจกรรมร่วมกับเว็บไซต์ได้ แต่ต้องล็อกอินก่อน ::
  ล็อกอิน

รายการสื่อสารสนเทศ

ลำดับที่ ประเภท เลขเรียก/บาร์โค้ด สถานที่ สถานะ
- ไม่พบข้อมูล -

รายการใกล้เคียง
    หัวเรื่อง [คณิตศาสตร์]

BibComment


ยังไม่เคยถูกคอมเมนท์

คอมเมนท์ทรัพยากรรายการนี้
  คอมเมนท์: เลขคณิตพิชิตสมองเ..


 Copyright 2026. Bcnsprnw @Library